[Event "RUS Cup Qualifier 2"]
[Site "chessassistantclub.com INT"]
[Date "2004.09.30"]
[Round "?"]
[White "Pugachov, Alexey"]
[Black "Vlassov, Nikolai"]
[Result "0-1"]
[WhiteElo "2499"]
[BlackElo "2466"]
[PlyCount "116"]
[EventDate "2004.09.30"]
[EventType "swiss (blitz)"]
[EventRounds "13"]
[EventCountry "RUS"]
[SourceTitle "EXT 2006"]
[Source "ChessBase"]
[SourceDate "2005.11.24"]
[SourceVersion "1"]
[SourceVersionDate "2005.11.24"]
[SourceQuality "1"]

1. e4 d5 2. exd5 Nf6 3. Nf3 Bg4 4. Be2 Nxd5 5. 0-0 Nf4 6. d4 Nxe2+ 7. Qxe2 Nc6 8. Be3 e6 9. c4 Be7 10. Nc3 0-0 11. Rad1 Qc8 12. h3 Bh5 13. Ne4 Rd8 14. Ng3 Bg6 15. a3 Bf6 16. d5 exd5 17. cxd5 Ne7 18. Qc4 Bxb2 19. Bg5 Bxa3 20. Ne5 Re8 21. f4 Nf5 22. Nxf5 Bxf5 23. g4 Bd7 24. d6 Be6 25. d7 Bxc4 26. dxc8Q Rexc8 27. Nxc4 Bc5+ 28. Kg2 a5 29. Rb1 Rcb8 30. f5 b5 31. Ne5 Bd6 32. Bf4 b4 33. Nc6 Rb6 34. Bxd6 Rxc6 35. Bf4 f6 36. Rfd1 Rc4 37. Kg3 g5 38. fxg6 hxg6 39. Rd7 Rc3+ 40. Kg2 Re8 41. Rxc7 Re2+ 42. Kg1 Rxc7 43. Bxc7 Ra2 44. Rd1 a4 45. Rd4 b3 46. Rb4 Rc2 47. Bd8 b2 48. Bxf6 Rc1+ 49. Kg2 b1Q 50. Rxb1 Rxb1 51. h4 a3 52. Kf3 a2 53. h5 gxh5 54. g5 a1Q 55. Bxa1 Rxa1 56. Kg3 Rg1+ 57. Kh4 Kg7 58. Kxh5 Rg2 0-1